<?xml version="1.0" encoding="UTF-8"?><marc:collection xmlns:marc="http://www.loc.gov/MARC21/slim">
  <marc:record>
    <marc:leader>03069cam a2200541 c 4500</marc:leader>
    <marc:controlfield tag="001">877371377</marc:controlfield>
    <marc:controlfield tag="003">DE-627</marc:controlfield>
    <marc:controlfield tag="005">20250211180835.0</marc:controlfield>
    <marc:controlfield tag="007">cr uuu---uuuuu</marc:controlfield>
    <marc:controlfield tag="008">170119s1711    xx |||||o     00| ||lat c</marc:controlfield>
    <marc:datafield tag="024" ind1="7" ind2=" ">
      <marc:subfield code="a">urn:nbn:de:gbv:3:1-732927</marc:subfield>
      <marc:subfield code="2">urn</marc:subfield>
    </marc:datafield>
    <marc:datafield tag="024" ind1="7" ind2=" ">
      <marc:subfield code="a">10.25673/68281</marc:subfield>
      <marc:subfield code="2">doi</marc:subfield>
    </marc:datafield>
    <marc:datafield tag="024" ind1="7" ind2=" ">
      <marc:subfield code="a">VD18 11522461</marc:subfield>
      <marc:subfield code="2">vd18</marc:subfield>
    </marc:datafield>
    <marc:datafield tag="035" ind1=" " ind2=" ">
      <marc:subfield code="a">(DE-627)877371377</marc:subfield>
    </marc:datafield>
    <marc:datafield tag="035" ind1=" " ind2=" ">
      <marc:subfield code="a">(DE-576)9877371375</marc:subfield>
    </marc:datafield>
    <marc:datafield tag="035" ind1=" " ind2=" ">
      <marc:subfield code="a">(DE-599)GBV877371377</marc:subfield>
    </marc:datafield>
    <marc:datafield tag="035" ind1=" " ind2=" ">
      <marc:subfield code="a">(OCoLC)968952677</marc:subfield>
    </marc:datafield>
    <marc:datafield tag="040" ind1=" " ind2=" ">
      <marc:subfield code="a">DE-627</marc:subfield>
      <marc:subfield code="b">ger</marc:subfield>
      <marc:subfield code="c">DE-627</marc:subfield>
      <marc:subfield code="e">rakwb</marc:subfield>
    </marc:datafield>
    <marc:datafield tag="041" ind1=" " ind2=" ">
      <marc:subfield code="a">lat</marc:subfield>
    </marc:datafield>
    <marc:datafield tag="100" ind1="1" ind2=" ">
      <marc:subfield code="a">Horn, Caspar Heinrich</marc:subfield>
      <marc:subfield code="d">1657-1718</marc:subfield>
      <marc:subfield code="0">(DE-588)100069789</marc:subfield>
      <marc:subfield code="0">(DE-627)071924337</marc:subfield>
      <marc:subfield code="0">(DE-576)288622251</marc:subfield>
      <marc:subfield code="4">aut</marc:subfield>
    </marc:datafield>
    <marc:datafield tag="245" ind1="1" ind2="0">
      <marc:subfield code="a">Decanus Ordinis Juridici In Academia VVittenbergensi, Caspar Henricus Hornius, JC. Codicis Prof. Publ. Consiliarius Regius, &amp; Electoralis in Senatu Provocationum, nec non Collegiorum Juridicorum, quæ hic sunt, Assessor Lecturis Omnibus  S. P. D.</marc:subfield>
      <marc:subfield code="b">[P. P. XVIII. post Trinitatis MDCCXI.]</marc:subfield>
    </marc:datafield>
    <marc:datafield tag="246" ind1="3" ind2="0">
      <marc:subfield code="a">iuridici iuridicorum</marc:subfield>
    </marc:datafield>
    <marc:datafield tag="264" ind1=" " ind2="1">
      <marc:subfield code="a">[S.l.]</marc:subfield>
      <marc:subfield code="c">[1711]</marc:subfield>
    </marc:datafield>
    <marc:datafield tag="300" ind1=" " ind2=" ">
      <marc:subfield code="a">[4] Bl.</marc:subfield>
      <marc:subfield code="c">4°</marc:subfield>
    </marc:datafield>
    <marc:datafield tag="336" ind1=" " ind2=" ">
      <marc:subfield code="a">Text</marc:subfield>
      <marc:subfield code="b">txt</marc:subfield>
      <marc:subfield code="2">rdacontent</marc:subfield>
    </marc:datafield>
    <marc:datafield tag="337" ind1=" " ind2=" ">
      <marc:subfield code="a">Computermedien</marc:subfield>
      <marc:subfield code="b">c</marc:subfield>
      <marc:subfield code="2">rdamedia</marc:subfield>
    </marc:datafield>
    <marc:datafield tag="338" ind1=" " ind2=" ">
      <marc:subfield code="a">Online-Ressource</marc:subfield>
      <marc:subfield code="b">cr</marc:subfield>
      <marc:subfield code="2">rdacarrier</marc:subfield>
    </marc:datafield>
    <marc:datafield tag="500" ind1=" " ind2=" ">
      <marc:subfield code="a">Enth. Lebenslauf des Kandidaten</marc:subfield>
    </marc:datafield>
    <marc:datafield tag="500" ind1=" " ind2=" ">
      <marc:subfield code="a">Erscheinungsjahr nach Datierung am Textende</marc:subfield>
    </marc:datafield>
    <marc:datafield tag="520" ind1=" " ind2=" ">
      <marc:subfield code="a">Einladung zur Verteidigung der jur. Diss. von Gottlob Rivinus am 5. Okt. 1711</marc:subfield>
    </marc:datafield>
    <marc:datafield tag="533" ind1=" " ind2=" ">
      <marc:subfield code="a">Online-Ausg.</marc:subfield>
      <marc:subfield code="b">Halle, Saale</marc:subfield>
      <marc:subfield code="c">Universitäts- und Landesbibliothek Sachsen-Anhalt</marc:subfield>
      <marc:subfield code="d">2017</marc:subfield>
      <marc:subfield code="e">Online-Ressource (Text)</marc:subfield>
      <marc:subfield code="f">VD18 digital</marc:subfield>
      <marc:subfield code="7">|2017||||||||||</marc:subfield>
    </marc:datafield>
    <marc:datafield tag="535" ind1="1" ind2=" ">
      <marc:subfield code="a">ULB Sachsen-Anhalt, Halle (Saale)</marc:subfield>
      <marc:subfield code="3">Wittenberg, Diss., 1711 H-Z (6)</marc:subfield>
    </marc:datafield>
    <marc:datafield tag="540" ind1=" " ind2=" ">
      <marc:subfield code="q">DE-3</marc:subfield>
      <marc:subfield code="a">Public Domain Mark 1.0</marc:subfield>
      <marc:subfield code="f">PDM 1.0</marc:subfield>
      <marc:subfield code="2">cc</marc:subfield>
      <marc:subfield code="u">https://creativecommons.org/publicdomain/mark/1.0/</marc:subfield>
    </marc:datafield>
    <marc:datafield tag="583" ind1="1" ind2=" ">
      <marc:subfield code="a">Archivierung/Langzeitarchivierung gewährleistet</marc:subfield>
      <marc:subfield code="x">XA-DE-ST</marc:subfield>
      <marc:subfield code="2">pdager</marc:subfield>
      <marc:subfield code="5">DE-3</marc:subfield>
    </marc:datafield>
    <marc:datafield tag="655" ind1=" " ind2="7">
      <marc:subfield code="a">Universitätsprogramm</marc:subfield>
      <marc:subfield code="0">(DE-627)096633263</marc:subfield>
      <marc:subfield code="2">local</marc:subfield>
    </marc:datafield>
    <marc:datafield tag="655" ind1=" " ind2="7">
      <marc:subfield code="a">Gelegenheitsschrift:Einladung</marc:subfield>
      <marc:subfield code="0">(DE-627)096631570</marc:subfield>
      <marc:subfield code="2">local</marc:subfield>
    </marc:datafield>
    <marc:datafield tag="655" ind1=" " ind2="7">
      <marc:subfield code="a">Biographie</marc:subfield>
      <marc:subfield code="0">(DE-627)096631023</marc:subfield>
      <marc:subfield code="2">local</marc:subfield>
    </marc:datafield>
    <marc:datafield tag="700" ind1="1" ind2=" ">
      <marc:subfield code="a">Rivinus, Gottlob</marc:subfield>
      <marc:subfield code="d">1690-</marc:subfield>
      <marc:subfield code="0">(DE-588)1015368409</marc:subfield>
      <marc:subfield code="0">(DE-627)668554207</marc:subfield>
      <marc:subfield code="0">(DE-576)350512744</marc:subfield>
      <marc:subfield code="4">oth</marc:subfield>
    </marc:datafield>
    <marc:datafield tag="776" ind1="0" ind2="8">
      <marc:subfield code="i">Erscheint auch als</marc:subfield>
      <marc:subfield code="n">Druck-Ausgabe</marc:subfield>
      <marc:subfield code="a">Horn, Caspar Heinrich, 1657 - 1718</marc:subfield>
      <marc:subfield code="t">Decanus Ordinis Juridici In Academia VVittenbergensi, Caspar Henricus Hornius, JC. Codicis Prof. Publ. Consiliarius Regius, &amp; Electoralis in Senatu Provocationum, nec non Collegiorum Juridicorum, quæ hic sunt, Assessor Lecturis Omnibus  S. P. D.</marc:subfield>
      <marc:subfield code="d">[S.l.], 1711</marc:subfield>
      <marc:subfield code="h">[4] Bl.</marc:subfield>
      <marc:subfield code="w">(DE-627)227425529</marc:subfield>
      <marc:subfield code="w">(DE-576)9227425527</marc:subfield>
    </marc:datafield>
    <marc:datafield tag="850" ind1=" " ind2=" ">
      <marc:subfield code="a">RedVD18-DE-3</marc:subfield>
    </marc:datafield>
    <marc:datafield tag="856" ind1="4" ind2="0">
      <marc:subfield code="u">http://dx.doi.org/10.25673/68281</marc:subfield>
      <marc:subfield code="x">Digitalisierung</marc:subfield>
      <marc:subfield code="x">Langzeitarchivierung</marc:subfield>
      <marc:subfield code="x">Resolving-System</marc:subfield>
      <marc:subfield code="z">kostenfrei</marc:subfield>
      <marc:subfield code="3">Volltext</marc:subfield>
      <marc:subfield code="7">0</marc:subfield>
    </marc:datafield>
    <marc:datafield tag="856" ind1="4" ind2="0">
      <marc:subfield code="u">http://nbn-resolving.de/urn:nbn:de:gbv:3:1-732927</marc:subfield>
      <marc:subfield code="x">Resolving-System</marc:subfield>
      <marc:subfield code="z">kostenfrei</marc:subfield>
      <marc:subfield code="3">Volltext</marc:subfield>
      <marc:subfield code="7">0</marc:subfield>
    </marc:datafield>
    <marc:datafield tag="912" ind1=" " ind2=" ">
      <marc:subfield code="a">vd18</marc:subfield>
    </marc:datafield>
    <marc:datafield tag="924" ind1="1" ind2=" ">
      <marc:subfield code="a">1713357968</marc:subfield>
      <marc:subfield code="b">DE-7</marc:subfield>
      <marc:subfield code="9">7</marc:subfield>
      <marc:subfield code="c">GBV</marc:subfield>
      <marc:subfield code="d">d</marc:subfield>
      <marc:subfield code="k">http://nbn-resolving.de/urn:nbn:de:gbv:3:1-732927</marc:subfield>
    </marc:datafield>
    <marc:datafield tag="924" ind1="1" ind2=" ">
      <marc:subfield code="a">1658765613</marc:subfield>
      <marc:subfield code="b">DE-3</marc:subfield>
      <marc:subfield code="9">3</marc:subfield>
      <marc:subfield code="c">GBV</marc:subfield>
      <marc:subfield code="d">d</marc:subfield>
    </marc:datafield>
    <marc:datafield tag="924" ind1="1" ind2=" ">
      <marc:subfield code="a">463952286X</marc:subfield>
      <marc:subfield code="b">LFER</marc:subfield>
      <marc:subfield code="9">LFER</marc:subfield>
      <marc:subfield code="c">BSZ</marc:subfield>
      <marc:subfield code="d">d</marc:subfield>
      <marc:subfield code="k">http://dx.doi.org/10.25673/68281</marc:subfield>
      <marc:subfield code="k">http://nbn-resolving.de/urn:nbn:de:gbv:3:1-732927</marc:subfield>
    </marc:datafield>
    <marc:datafield tag="935" ind1=" " ind2=" ">
      <marc:subfield code="i">vd18</marc:subfield>
    </marc:datafield>
    <marc:datafield tag="951" ind1=" " ind2=" ">
      <marc:subfield code="a">BO</marc:subfield>
    </marc:datafield>
  </marc:record>
</marc:collection>
